| 000 | 00612nam a2200205Ia 4500 | ||
|---|---|---|---|
| 008 | 191130s1994##################000#0#eng## | ||
| 020 | _a9780198263883 | ||
| 040 |
_aACL _cACL |
||
| 082 | _a202 HUR | ||
| 100 | _aCaird, G. B | ||
| 245 |
_aNew Testament theology _cG.B. Caird ; completed and edited by L.D. Hurst |
||
| 260 |
_aOxford _bOxford University Press _c1994 |
||
| 300 | _axix, 498 p. ; 22 cm | ||
| 500 | _aIncludes bibliographical references | ||
| 650 | _aChristianity -- Doctrines | ||
| 700 | _aHurst, L. D | ||
| 990 | _a7b3ad153ac10000c4c6c79f597ec970e | ||
| 991 | _a430770 | ||
| 999 |
_c278676 _d278676 |
||